000 00642nam a2200229 a 4500
001 68516
003 BD-RjUL
005 20211209081800.0
008 170403s1980 ii a|||| b||| 001 0 eng d
020 _cRs: 25.50
035 _a(BD-RjUL)68726
040 _aBD-RjUL
_beng
_cBD-RjUL
041 _aeng
082 _223
_a631.57
_bRAH 1980
100 _aRam, Mahabal
_9203080
245 _aHigh yielding varieties of crops /
_cMahabal Ram
260 _aNew Delhi :
_bOxford & IBH Pub.,
_cc1980
300 _axix, 676 p. :
_bill. ;
_c22 cm.
504 _aIncludes bibliographies and indexes.
650 _aCrop yields
_9203081
942 _2ddc
_cBK
999 _c68516
_d68516